La Cuenca del canal de Panamá. actas de los seminarios - talleres /

Αποθηκεύτηκε σε:
Λεπτομέρειες βιβλιογραφικής εγγραφής
Κύριος συγγραφέας: Heckadon Moreno, Stanley
Συλλογικό Έργο: Panamá. Ministerio de Planificación y política Económica, Oficina de área canalera
Άλλοι συγγραφείς: Espinoza González, Jaime, Barrow, Luis Carlos, Castillo, Elizabeth
Μορφή: Κείμενο
Έκδοση: Panamá: MPPE
Ετικέτες: Προσθήκη ετικέτας
Δεν υπάρχουν, Καταχωρήστε ετικέτα πρώτοι!

MARC

LEADER 00000 a a2200000 04500
001 24683
003
040
090 |a 177600  
100 |a Heckadon Moreno, Stanley  
110 |a Panamá. Ministerio de Planificación y política Económica  
245 |a La Cuenca del canal de Panamá. actas de los seminarios - talleres /  |c Panamá. Ministerio de Planificación y política Económica  
260 |a Panamá:   |b MPPE  
300 |a 381 p  
300 |b il.  
700 |a Espinoza González, Jaime  
700 |a Barrow, Luis Carlos  
700 |a Castillo, Elizabeth  
710 |a Oficina de área canalera  
999 |c 11102  |d 11102